Riadenie pohybov seizmických stolov a optimalizácia dynamickej odozvy vybraných systémov

Salvato in:
Dettagli Bibliografici
Autore principale: Juhás, Martin, 1968- (Autore)
Natura: Libro
Lingua:slovacco
Pubblicazione: Bratislava : STU v Bratislave SjF, 2006
Edizione:1. vyd.
Soggetti:
Tags: Aggiungi Tag
Nessun Tag, puoi essere il primo ad aggiungerne!!

MARC

LEADER 00000nam a22000003a 4500
001 stu140142
005 20150617225929.5
008 070417s2006----xo------------------slo-d
040 |a STU  |b slo 
041 0 |a slo 
044 |a xo 
080 |a 004.414.23 
080 |a 528.533 
080 |a 550.34.05 
100 1 |a Juhás, Martin,  |d 1968-  |4 aut  |u J110  |9 100  |U SjF Ústav automatizácie, merania a aplikovanej informatiky  |T SjF Katedra automatizácie, informačnej a prístrojovej techniky  |X 2316  |U J110  |Y 37  |7 A000002316 
245 1 |a Riadenie pohybov seizmických stolov a optimalizácia dynamickej odozvy vybraných systémov 
250 |a 1. vyd. 
260 |a Bratislava :  |b STU v Bratislave SjF,  |c 2006 
300 |a 130 s 
650 7 |a modelovanie a simulácia počítačových systémov  |2 stusub 
650 7 |a pomocné geodetické meračské zariadenia  |2 stusub 
650 7 |a záznamy seizmickej činnosti  |2 stusub 
996 |b 284J031855  |c J*107855  |l JJST  |s P  |a 0  |w stu140142_0001